Estatísticas para Músicas Now United

Clique aqui para jogar o quiz

Estatísticas Gerais

  • Esse quiz foi jogado 2 vezes
  • A pontuação média é 6 de 63

Estatísticas das Respostas

Resposta% Correto
Afraid Of Letting Go
100%
All Around The World
50%
All Day
50%
All Night Long
50%
Anything For You
50%
Badna Nehlam
50%
Baila
50%
Beautiful Life
50%
Better
50%
By My Side
50%
Chained Up
50%
Clockwork
0%
Come Together
0%
Crazy Stupid Silly Love
0%
Dana Dana
0%
Dance Like That
0%
Feel It Now
0%
Fiesta
0%
Future Me
0%
Golden
0%
Good Intentions
0%
Habibi
0%
Heartbreak On The Dancefloor
0%
Hewale
0%
Holiday
0%
How Far We’ve Come
0%
How We Do It
0%
I Got You
0%
Ikou
0%
It’s Your Birthday
0%
Jump
0%
Lean On Me
0%
Legends
0%
Lendas
0%
Let Me Be The One
0%
Let The Music Move You
0%
Like Me
0%
Like That
0%
Live This Moment
0%
Momento
0%
Na Na Na
0%
Na Na Na - Spanish Verrsion
0%
Nobody Fools Me Twice
0%
Nobody Like Us
0%
NU Party
0%
One Love
0%
Paradise
0%
Parana
0%
Pas Le Choix
0%
Show You How To Love
0%
Somebody
0%
Stand Together
0%
Summer In The City
0%
Sunday Morning
0%
The Weekend’s Here
0%
True Love Ways
0%
Turn It Up
0%
Wake Up
0%
Wave Your Flag
0%
What Are We Waiting For
0%
When You Love Somebody
0%
Who Would Think That Love?
0%
You Give Me Something
0%

Distribuição das Pontuações

Percentil de Números Respondidos

Porcentagem de Pessoas com Cada Pontuação

Sua Pontuação Histórica

Você não jogou esse quiz